000 00522nam a22001697a 4500
003 koha_MIRAKIL
005 20231213095808.0
008 231213b |||||||| |||| 00| 0 ||| d
040 _aTR-IsEVY
_btur
_cTR-IsEVY
082 _a423.94335 AKD/i
100 _aResuhi Akdikmen.
245 0 _aingilizce-Türkçe Türkçe-ingilizce Langenscheidt okul sözlüğü =English-Turkish Turkish-English Langenscheidt’s school dictionary.
260 _b[s.n.],
300 _a[ ] p.
650 _aİngiliz Dili.
942 _2ddc
_cBK
999 _c9555
_d9555